| 000 | 00412nam a2200145Ia 4500 | ||
|---|---|---|---|
| 008 | 211109s9999||||xx |||||||||||||| ||und|| | ||
| 082 |
_a821 _bCHA-P |
||
| 100 | _aChaucer, Richard | ||
| 245 | 0 | _aPoetical Works of Geoffrey Chaucer | |
| 260 |
_bBELL AND DALDY _aLONDON _c1922 |
||
| 300 | _a362p | ||
| 630 | _xGeneral Stack | ||
| 650 |
_aEnglish & Old English literatures _vEnglish poetry _xLiterature |
||
| 942 | _cBOOK | ||
| 999 |
_c2005 _d2005 |
||